02597cam a22003735i 4500999001700000001000900017003000900026005001700035008004100052020002500093040003300118082001700151100004000168245042400208246002200632246004500654250001900699264007500718264001000793300002800803336002600831337002800857338002700885504005100912505055500963520031101518650003701829653003501866700003501901700004701936700006901983942001202052952015902064 c27636d2760719104336EG-ScBUE20190922121915.0160523t2016 enk f b 001 0 eng d a9780198727644 (pbk.) aDLCbengerdacDLCdEG-ScBUE04a341bDIX2221 aDixon, Martinq(Martin J.)eauthor.10aCases & materials on International law /cMartin Dixon, Professor of the Law of Real Property, Univeristy of Cambridge, Fellow of Queen's College, University of Cambridge ; Robert McCorquodale, Director, British Institute of International and Comparative Law, Professor of International Law and Human Rights, University of Nottingham ; Sarah Williams, Associate Professor, Faculty of Law, University of New South Wales.30aInternational law3 aCases and materials on international law aSixth edition. 1aOxford, United Kingdom :aNew York :bOxford University Press,c[2016] 4cc2016 alxi, 731 pages ;c25 cm atextbtxt2rdacontent aunmediatedbn2rdamedia avolumebnc2rdacarrier aIncludes bibliographical references and index.0 aThe nature of the International legal system -- Sources of International law -- The law of treaties -- International law and domestic law -- Personality and recognition -- International human rights law -- Sovereignty over territory -- Jurisdictional sovereignty -- Immunities from national juristiction -- Law of the sea -- State responnsibility -- International environmental law -- International economic law -- International criminal law -- The use of force, collective security and peacekeeping -- Peaceful stettlement of International disputes. aThe sixth edition of Cases & Materials on International Law is a topical and engaging companion for study; placing international law directly in the context of contemporary debate. The book offers broad coverage of international law, and is an appropriate match for a range of courses and teaching styles.  7aInternational lawvCases.2BUEsh bMASPPSSbLLAAWWcSeptember20191 aMcCorquodale, Robert,eauthor.1 aWilliams, Sarah,d1974 January 4-eauthor.1 aMcCorquodale, Robert.tCases and materials on international law. 2ddccBB 00102ddc40708BaccahaMAINbMAINc1STd2019-09-22ePurchaseg760.00l7m12o341 DIXp000048099r2026-01-03 00:00:00s2025-12-20v950.00w2019-09-22yBB